Antonii Zingerle ... Dissertatio de scriptorum Latinorum locis qui ad poenarum apud inferos descriptionem spectant, qua orationes ad celebrandam memoriam virorum illustrium Goelestini de Kowalewski, Jacobi Friderici a Rhod, Friderici a Groeben, Joh. Dieterici a Tettau diebus XXI et XXIII Maji et XXIII Junii h.s. ... habendas indicit Ludovicus Friedlaender ... die XII Maji (Запись № 10342638)

Подробности
000 -МАРКЕР
контрольное поле 01400nam0a22003251 4500
001 - ИДЕНТИФИКАТОР ЗАПИСИ
контрольное поле RU\NLR\A2V1719\7680
005 - ИДЕНТИФИКАТОР ВЕРСИИ
контрольное поле 20251203171251.9
035 ## - ДРУГИЕ СИСТЕМНЫЕ НОМЕРА
Идентификатор записи (NLR Aleph) 009849480
100 ## - ДАННЫЕ ОБЩЕЙ ОБРАБОТКИ
Данные общей обработки 20061006d1877 u y0rusy50 ca
101 0# - ЯЗЫК РЕСУРСА
Язык текста, звукозаписи и т.д. латинский
102 ## - СТРАНА ПУБЛИКАЦИИ ИЛИ ПРОИЗВОДСТВА
Страна публикации российская федерация
200 1# - ЗАГЛАВИЕ И СВЕДЕНИЯ ОБ ОТВЕТСТВЕННОСТИ
Основное заглавие Antonii Zingerle ... Dissertatio de scriptorum Latinorum locis qui ad poenarum apud inferos descriptionem spectant, qua orationes ad celebrandam memoriam virorum illustrium Goelestini de Kowalewski, Jacobi Friderici a Rhod, Friderici a Groeben, Joh. Dieterici a Tettau diebus XXI et XXIII Maji et XXIII Junii h.s. ... habendas indicit Ludovicus Friedlaender ... die XII Maji
210 ## - ПУБЛИКАЦИЯ, РАСПРОСТРАНЕНИЕ И ДР.
Место издания, распространения и т.д. [Königsberg (Kaliningrad)]
Имя издателя, распространителя и т. д. Typis academicis Dalkowskianis
Дата издания, распространения и т.д. [1877]
215 ## - ФИЗИЧЕСКАЯ ХАРАКТЕРИСТИКА
Специфическое обозначение материала и объем 10 c.
Размеры 4° (27 см)
306 ## - ПРИМЕЧАНИЯ, ОТНОСЯЩИЕСЯ К ПУБЛИКАЦИИ, РАСПРОСТРАНЕНИЮ И ИСПОЛНЕНИЯ ИЗДАНИЯ
Текст примечания На тит. л.: Acad. Alb. Regim 1877
517 1# - ДРУГИЕ ВАРИАНТЫ ЗАГЛАВИЯ
Вариант заглавия Dissertatio de scriptorum Latinorum locis qui ad poenarum apud inferos descriptionem spectant
620 ## - МЕСТО И ДАТА ПУБЛИКАЦИИ, ИСПОЛНЕНИЯ И Т. Д.
Город Kaliningrad
620 ## - МЕСТО И ДАТА ПУБЛИКАЦИИ, ИСПОЛНЕНИЯ И Т. Д.
Город Königsberg
700 #1 - ИМЯ ЛИЦА - ПЕРВИЧНАЯ ОТВЕТСТВЕННОСТЬ
Связь между полями z01790
Начальный элемент ввода Zingerle
Часть имени, кроме начального элемента ввода A.
Даты 1842-1910
Расширение инициалов личного имени Anton
Код отношения Автор
702 #1 - ИМЯ ЛИЦА - ВТОРИЧНАЯ ОТВЕТСТВЕННОСТЬ
Связь между полями z02790
Начальный элемент ввода Friedlander
Часть имени, кроме начального элемента ввода L.
Даты 1824-1909
Расширение инициалов личного имени Ludwig
Код отношения Прочие
790 #1 - ИМЯ ЛИЦА - АЛЬТЕРНАТИВНАЯ ФОРМА
Связь между полями z01700
Начальный элемент ввода Zingerle
Расширение инициалов личного имени Antonius
Код отношения Автор
790 #1 - ИМЯ ЛИЦА - АЛЬТЕРНАТИВНАЯ ФОРМА
Связь между полями z02702
Начальный элемент ввода Friedlaender
Расширение инициалов личного имени Ludovicus
Код отношения Прочие
801 #0 - ИСТОЧНИК ЗАПИСИ
Страна российская федерация
Организация NLR
Дата составления 20061006
852 ## - МЕСТОНАХОЖДЕНИЕ И ШИФР ХРАНЕНИЯ
Идентификатор организации NLR
Шифр хранения (Call Number) Ев 85
942 ## - ДОПОЛНИТЕЛЬНЫЕ ЭЛЕМЕНТЫ ЗАПИСИ (АБИС)
Тип экземпляра АБИС Книга
980 ## - КОЛЛЕКЦИЯ
Название коллекции Национальная библиография
980 ## - КОЛЛЕКЦИЯ
Название коллекции Иностранная рекаталогизация: 17-19 век

Нет доступных экземпляров.